[Event "Druzynowe Mistrzostwa Polski Juniorow 2019 - II Liga"]
[Site "Szczyrk"]
[Date "1899-12-30"]
[Round "2.9"]
[White "Eigner, Jerzy"]
[Black "Knapik, Kamil"]
[Result "1-0"]
[WhiteTitle "II+"]
[BlackTitle "II+"]
[WhiteElo "1516"]
[BlackElo "1583"]

1. e4 c5 2. Nf3 d6 3. Nc3 Nc6 4. d4 cxd4 5. Nxd4 e5 6. Ndb5 a6 7. Na3 b5 8. Nd5
Nf6 9. Bg5 Be7 10. Bxf6 Bxf6 11. Bd3 O-O 12. c3 Bg5 13. O-O Be6 14. Nc2 Bxd5 15.
exd5 Ne7 16. a4 Rb8 17. axb5 axb5 18. Nb4 f5 19. Qb3 e4 20. Be2 f4 21. f3 e3 22.
Ra6 Rf6 23. Rfa1 Bh4 24. R1a5 Bf2+ 25. Kh1 Nf5 26. h3 Rg6 27. Rxb5 Rc8 28. Rc6
Ra8 29. Na6 Ng3+ 30. Kh2 Nxe2 31. Rcb6 Rxg2+ 32. Kxg2 Qg5+ 33. Kf1 Ng3+ 34. Kg2
Nf5+ 35. Kf1 Qg1+ 36. Ke2 Qe1+ 37. Kd3 Qd2+ 38. Kc4 Rc8+ 39. Rc6 Qe2+ 40. Kb4
Rf8 41. Ka5 Bh4 42. Rb8 Bd8+ 43. Ka4 Qxf3 44. Rcc8 Qe4+ 45. Ka3 1-0

[Event "Druzynowe Mistrzostwa Polski Juniorow 2019 - II Liga"]
[Site "Szczyrk"]
[Date "1899-12-30"]
[Round "2.10"]
[White "Szlosarczyk, Hubert"]
[Black "Komendecki, Antoni"]
[Result "1/2-1/2"]
[WhiteTitle "I"]
[BlackTitle "II"]
[WhiteElo "1549"]
[BlackElo "1416"]

1. d4 d5 2. c4 c6 3. Nf3 Nf6 4. Nc3 dxc4 5. a4 Bg4 6. e3 e5 7. dxe5 Qxd1+ 8. Nxd1
Nfd7 9. Bxc4 Bxf3 10. gxf3 Nxe5 11. Be2 a5 12. f4 Ned7 13. Bd2 Nc5 14. Bc4 Ne4
15. Nc3 Nxd2 16. Kxd2 Bb4 17. Kc2 Bxc3 18. Kxc3 Na6 19. Bxa6 Rxa6 20. Rad1 Ke7
21. Rhg1 g6 22. Rd4 Rd8 23. Rgd1 Rxd4 24. Rxd4 Ra8 25. Re4+ Kf6 26. Rd4 Ke7 27.
Kc4 b6 28. e4 h6 29. h4 f6 30. e5 fxe5 31. fxe5 Rd8 32. Rg4 Rg8 33. h5 Kf7 34.
Rf4+ Ke7 35. Rf6 gxh5 36. Rxc6 Rg4+ 37. Kb3 Rb4+ 38. Ka3 b5 39. axb5 Rxb5 40.
f4 Rb4 41. Rxh6 Rxf4 42. Rxh5 Re4 43. b3 Ke6 44. Rg5 Ke7 45. e6 Kxe6 46. Rxa5
Kd7 47. Ra6 Kc7 48. b4 Kb7 49. Rh6 Re3+ 50. Ka4 Re5 51. Rg6 Rf5 52. Rg7+ Kb8 53.
b5 Rf6 54. Ka5 Rh6 55. Rd7 Rg6 56. Rd1 Kb7 57. Rc1 Rh6 58. Rg1 Rf6 59. Rg5 Rh6
60. b6 Rh1 61. Rg7+ Kb8 1/2-1/2

[Event "Druzynowe Mistrzostwa Polski Juniorow 2019 - II Liga"]
[Site "Szczyrk"]
[Date "1899-12-30"]
[Round "2.11"]
[White "Lascar, Maria Elena"]
[Black "Czarnecka, Lidia"]
[Result "0-1"]
[WhiteTitle "I+"]
[BlackTitle "I++"]
[WhiteElo "1590"]
[BlackElo "1731"]

1. e4 c5 2. Nf3 e6 3. Nc3 a6 4. d4 cxd4 5. Nxd4 Qc7 6. g3 b5 7. Bg2 Bb7 8. O-O
Nf6 9. Re1 d6 10. Bg5 Be7 11. a3 O-O 12. h4 h6 13. Bd2 Nc6 14. Nxc6 Bxc6 15. Qe2
Nd7 16. Rad1 Bf6 17. Qg4 Ne5 18. Qh3 Nc4 19. Bc1 Qe7 20. Rd3 Rac8 21. f4 Qa7+
22. Kf1 Bxc3 23. Rxc3 d5 24. b3 Nb6 25. e5 Bd7 26. Rxc8 Rxc8 27. Re2 Qc7 28. g4
Qc3 29. Qxc3 Rxc3 30. Kf2 a5 31. Bd2 Rxc2 32. Bxa5 Rc6 33. Ke3 Nc8 34. Kd4 Ra6
35. Bb4 Na7 36. Rc2 Nc6+ 37. Kc5 Nxe5 38. Kd4 Nc6+ 39. Kc5 Na5 40. Bxa5 Rc6+ 41.
Kb4 Rxc2 42. Bf1 Rb2 43. Bxb5 Bxb5 44. Kxb5 Rxb3+ 45. Bb4 d4 46. Kc4 Rf3 47. Kxd4
Rxf4+ 48. Ke5 Rxg4 49. Be7 Kh7 50. Bd8 Kg6 51. Kd6 Ra4 0-1

[Event "Druzynowe Mistrzostwa Polski Juniorow 2019 - II Liga"]
[Site "Szczyrk"]
[Date "1899-12-30"]
[Round "2.12"]
[White "Slusarczyk, Anna"]
[Black "Salamon, Julia"]
[Result "0-1"]
[WhiteTitle "I"]
[BlackTitle "I"]
[WhiteElo "1328"]
[BlackElo "1273"]

1. d4 d5 2. c4 e6 3. Nc3 Nf6 4. Bg5 c6 5. Nf3 Nbd7 6. e3 Be7 7. Bd3 O-O 8. c5 b6
9. b4 Bb7 10. h4 h6 11. Ng1 Ne8 12. f4 bxc5 13. bxc5 Bf6 14. Nf3 Nxc5 15. Bc2
Nd7 16. Qd3 g6 17. Bxh6 Ng7 18. h5 Qe8 19. g4 c5 20. Bb1 cxd4 21. g5 Nc5 22. Qc2
d3 23. Qc1 Bd8 24. Qb2 Ba5 25. Kf1 Ba6 26. Kg1 Rb8 27. Nb5 e5 28. Bxg7 Kxg7 29.
a4 Nxa4 30. Rxa4 Rxb5 31. Qa2 Rxb1+ 32. Qxb1 Qxa4 33. h6+ Kh7 34. Nxe5 Qc2 35.
Qa1 d2 36. Nd7 d1=Q+ 37. Qxd1 Qxd1+ 38. Kg2 Qe2+ 39. Kg1 Be1 40. Nxf8+ Kh8 41.
Nxg6+ fxg6 0-1

[Event "Druzynowe Mistrzostwa Polski Juniorow 2019 - II Liga"]
[Site "Szczyrk"]
[Date "1899-12-30"]
[Round "2.13"]
[White "Kawalko, Adam"]
[Black "Grochol, Kamil"]
[Result "0-1"]
[WhiteTitle "I+"]
[BlackTitle "I"]
[WhiteElo "1920"]
[BlackElo "1714"]

1. e4 c5 2. Nf3 Nc6 3. d4 cxd4 4. Nxd4 Nf6 5. Nc3 d6 6. Bg5 Bd7 7. f3 Rc8 8. Qd2
Nxd4 9. Qxd4 Qa5 10. Qd2 h6 11. Be3 g6 12. Be2 Bg7 13. O-O Bc6 14. Bd4 O-O 15.
a3 Rfd8 16. Rad1 Qc7 17. Kh1 e5 18. Be3 Kh7 19. Bd3 d5 20. exd5 Nxd5 21. Nxd5
Bxd5 22. Qf2 b6 23. Rd2 f5 24. c3 f4 25. Rfd1 Bb3 0-1

[Event "Druzynowe Mistrzostwa Polski Juniorow 2019 - II Liga"]
[Site "Szczyrk"]
[Date "1899-12-30"]
[Round "2.14"]
[White "Oles, Martin"]
[Black "Madajczak, Jakub"]
[Result "0-1"]
[WhiteTitle "I"]
[BlackTitle "I"]
[WhiteElo "1682"]
[BlackElo "1631"]

1. Nf3 Nf6 2. g3 c5 3. Bg2 Nc6 4. d4 e6 5. O-O d5 6. c3 Be7 7. dxc5 Bxc5 8. Nd4
O-O 9. Nxc6 bxc6 10. Nd2 Ba6 11. Nb3 Bd6 12. Re1 Ng4 13. e4 Ne5 14. exd5 cxd5
15. Nd4 Qb6 16. Bf1 Bxf1 17. Rxf1 Rab8 18. Re1 Rfc8 19. Bf4 Nc4 20. b3 Na3 21.
Nxe6 Rc6 22. Bxd6 Rxd6 23. Nd4 Rc8 24. Nf5 Rf6 25. Ne7+ Kf8 26. Nxc8 Qxf2+ 27.
Kh1 Rh6 28. Re8+ Kxe8 29. Qe1+ Qxe1+ 30. Rxe1+ Kd7 31. Re7+ Kxc8 32. Rxa7 Nb5
33. Ra5 Rb6 34. a4 Nc7 35. c4 Rxb3 36. cxd5 Rd3 37. Rc5 Rxd5 38. Rc2 Ra5 39. Rc4
Kd7 40. Kg2 Nd5 41. Kf3 Nb6 42. Rb4 Kc6 43. Re4 Nxa4 44. Re7 Rf5+ 45. Kg4 Rf6
46. h4 Nc5 47. h5 Kd6 48. Re1 Nd7 49. Kg5 Ne5 50. Ra1 h6+ 51. Kh4 Re6 52. Ra7
Re7 53. Ra6+ Kd5 54. Ra5+ Ke6 55. Ra6+ Kf5 56. Ra5 Rc7 57. g4+ Kf4 58. Ra4+ Rc4
59. Ra5 Nxg4 60. Ra7 Ne5 61. Ra3 Kf5+ 62. Ra2 0-1

[Event "Druzynowe Mistrzostwa Polski Juniorow 2019 - II Liga"]
[Site "Szczyrk"]
[Date "1899-12-30"]
[Round "2.15"]
[White "Madajczak, Piotr"]
[Black "Rzepka, Marcin"]
[Result "1-0"]
[WhiteTitle "I"]
[BlackTitle "II"]
[WhiteElo "1645"]
[BlackElo "1304"]

1. c4 e5 2. Nc3 Nf6 3. g3 Nc6 4. Bg2 d6 5. e3 Be7 6. Nge2 O-O 7. O-O Be6 8. b3
d5 9. cxd5 Nxd5 10. Bb2 Qd7 11. Nxd5 Bxd5 12. Bxd5 Qxd5 13. d4 exd4 14. Nxd4 Rad8
15. Qg4 Ne5 16. Qf4 Bf6 17. e4 Qa5 18. Qe3 c5 19. Nf5 Rd3 20. Qc1 Rfd8 21. Ne7+
Kh8 22. Nd5 Nf3+ 23. Kg2 Bxb2 24. Qxb2 Rd2 25. Qc3 Qxc3 26. Nxc3 Ng5 27. h4 Ne6
28. Rfd1 R8d3 29. Rxd2 Rxd2 30. Rd1 Rc2 31. Nb5 Rxa2 32. Nd6 f6 33. Nxb7 Kg8 34.
Rc1 Rb2 35. Nxc5 Nxc5 36. Rxc5 Rxb3 37. Rc8+ Kf7 38. Rc7+ Kg6 39. Rxa7 Rb4 40.
Kf3 Rb3+ 41. Kf4 Rb2 42. f3 Rb4 43. g4 Rc4 44. Ra3 Rb4 45. Ke3 Kh6 46. Kd3 Kg6
47. Kc3 Rb7 48. Kc4 Rc7+ 49. Kd5 Rb7 50. Re3 Rb5+ 51. Kd6 Rb6+ 52. Kc5 Rb1 53.
Kd6 Rb6+ 54. Kd7 Rb7+ 55. Kc6 Rb1 56. e5 fxe5 57. Rxe5 Rc1+ 58. Kd5 Rd1+ 59. Ke6
h6 60. f4 Ra1 61. f5+ Kh7 62. g5 Ra6+ 63. Kf7 hxg5 64. hxg5 Ra1 65. f6 Rf1 66.
Re2 Rh1 67. g6+ Kh6 68. Re8 Kg5 69. Kxg7 Rf1 70. f7 Rf6 71. Re5+ 1-0

[Event "Druzynowe Mistrzostwa Polski Juniorow 2019 - II Liga"]
[Site "Szczyrk"]
[Date "1899-12-30"]
[Round "2.16"]
[White "Smuda, Tomasz"]
[Black "Karp, Kacper"]
[Result "0-1"]
[WhiteTitle "II"]
[BlackTitle "I"]
[WhiteElo "1297"]
[BlackElo "1601"]

1. e4 c5 2. c4 Nc6 3. Nc3 g6 4. g3 Bg7 5. Bg2 Nf6 6. d3 O-O 7. Nge2 d6 8. O-O Ne8
9. Be3 Nc7 10. h3 Ne6 11. f4 Ned4 12. Rf2 Rb8 13. a4 Qa5 14. Rb1 a6 15. b3 Nb4
16. Nd5 Nxd5 17. cxd5 Nxe2+ 18. Qxe2 b5 19. axb5 axb5 20. f5 Ba6 21. Qf1 b4 22.
Qd1 Qb6 23. Bf1 Be5 24. Kg2 Bb7 25. Qg4 Kh8 26. fxg6 fxg6 27. Rxf8+ Rxf8 28. Qe6
Qc7 29. Bg5 Bf6 30. Bh6 Bc8 31. Bxf8 Bxe6 32. dxe6 Qc8 33. Bh6 Qxe6 34. Be3 Qe5
35. Be2 h5 36. h4 Qc3 37. Rd1 Qxb3 38. g4 hxg4 39. Bxg4 c4 40. Rc1 Qxd3 41. Kf3
b3 42. h5 b2 43. Rh1 b1=Q 44. Rh2 Qxe4+ 45. Kg3 Qxe3+ 46. Bf3 Qbg1+ 0-1

[Event "Druzynowe Mistrzostwa Polski Juniorow 2019 - II Liga"]
[Site "Szczyrk"]
[Date "1899-12-30"]
[Round "2.17"]
[White "Krzyzosiak, Marta"]
[Black "Kroliczek, Gabriela"]
[Result "0-1"]
[WhiteTitle "I++"]
[BlackTitle "I++"]
[WhiteElo "1631"]
[BlackElo "1664"]

1. e4 g6 2. d4 Bg7 3. Nf3 a6 4. c4 d6 5. Nc3 Nd7 6. Be2 e6 7. Be3 Ne7 8. Qd2 h6
9. Rc1 f5 10. g3 b6 11. Nh4 g5 12. Ng2 Nf6 13. exf5 Bb7 14. f3 Nxf5 15. O-O O-O
16. b4 Qe8 17. Bd3 Qf7 18. Ne4 d5 19. Nc3 dxc4 20. Bxc4 Rad8 21. Ne2 Nd5 22. Bxd5
Bxd5 23. Qc3 Rd7 24. g4 Nd6 25. f4 Qg6 26. fxg5 Rxf1+ 27. Rxf1 hxg5 28. Ng3 Nb5
29. Qd2 Bxg2 30. Qxg2 Nxd4 31. Qa8+ Kh7 32. Qg2 Nc2 33. Bf2 Nxb4 34. Qe4 Qxe4
35. Nxe4 Kg6 36. Be3 Rd5 37. Rc1 c5 38. a3 Bb2 39. Rf1 Nc2 40. Bc1 Bxc1 41. Rxc1
Nxa3 42. Ra1 Nc4 43. Rxa6 Rd4 44. Nf2 Kf6 45. Ra2 b5 46. Re2 Nd2 47. Rxd2 Ke5
48. Rb2 b4 49. Re2+ Kd5 50. Kg2 c4 51. Kf3 c3 52. Rc2 Kc4 53. Ne4 Rd3+ 54. Ke2
b3 55. Rc1 b2 56. Rf1 c2 57. Nd2+ Rxd2+ 58. Kxd2 b1=Q 0-1

[Event "Druzynowe Mistrzostwa Polski Juniorow 2019 - II Liga"]
[Site "Szczyrk"]
[Date "1899-12-30"]
[Round "2.18"]
[White "Seemann, Pola"]
[Black "Krzyzosiak, Anna"]
[Result "0-1"]
[WhiteTitle "I"]
[BlackTitle "I++"]
[WhiteElo "1343"]
[BlackElo "1546"]

1. d4 Nf6 2. Nf3 g6 3. b3 Bg7 4. Bb2 O-O 5. g3 d6 6. Bg2 Nbd7 7. O-O c5 8. e3 Rb8
9. Nbd2 b5 10. c4 b4 11. Qe2 a5 12. a3 Bb7 13. dxc5 Nxc5 14. Rfd1 Nfe4 15. Bxg7
Kxg7 16. Nd4 Nc3 17. Qg4 Nxd1 18. Rxd1 Bxg2 19. Kxg2 Qc7 20. Nf5+ Kh8 21. Nh6
bxa3 22. Qd4+ e5 23. Qc3 Qb7+ 24. Kg1 Qb4 25. Qa1 Nxb3 26. Nxb3 Qxb3 27. f4 Qxe3+
28. Kh1 Qf3+ 29. Kg1 Rb2 30. Rd2 Rxd2 31. Qf1 Qxf1+ 32. Kxf1 a2 33. Ke1 Rxh2 34.
Nxf7+ Rxf7 35. fxe5 a1=Q# 0-1

[Event "Druzynowe Mistrzostwa Polski Juniorow 2019 - II Liga"]
[Site "Szczyrk"]
[Date "1899-12-30"]
[Round "2.19"]
[White "Majocha, Piotr"]
[Black "Rudzinska, Michalina"]
[Result "1/2-1/2"]
[WhiteTitle "I++"]
[BlackTitle "WFM"]
[WhiteElo "2005"]
[BlackElo "2143"]

1. Nf3 c5 2. c4 Nf6 3. Nc3 e6 4. g3 Nc6 5. Bg2 Be7 6. O-O O-O 7. d4 cxd4 8. Nxd4
a6 9. b3 Qc7 10. Nc2 b6 11. e4 Bb7 12. Bf4 d6 13. Rc1 Ne5 14. Ne1 Rfd8 15. Qe2
Rac8 16. Nd3 Qb8 17. Nxe5 dxe5 18. Be3 Bc6 19. f3 Bc5 20. Bxc5 bxc5 21. Rfd1 Rd4
22. Qc2 Rcd8 23. Ne2 R4d6 24. Kf2 g6 25. Rxd6 Rxd6 26. Rd1 Nd7 27. Rxd6 Qxd6 28.
Ke1 Nb8 29. Qd2 Qc7 30. Nc1 Bd7 31. Nd3 a5 32. Qg5 Qd6 33. Qxe5 Qxd3 34. Qxb8+
Kg7 35. Qe5+ Kg8 36. Qxc5 Qb1+ 37. Kf2 Qxa2+ 38. Kg1 Qxb3 39. Qxa5 Qe3+ 40. Kf1
Qd3+ 41. Kf2 Qd4+ 42. Ke1 Qe3+ 43. Kf1 Qd3+ 1/2-1/2

[Event "Druzynowe Mistrzostwa Polski Juniorow 2019 - II Liga"]
[Site "Szczyrk"]
[Date "1899-12-30"]
[Round "2.20"]
[White "Wierzbicki, Michal"]
[Black "Szydelko, Michal"]
[Result "1-0"]
[WhiteTitle "I+"]
[BlackTitle "I"]
[WhiteElo "2007"]
[BlackElo "1843"]

1. d4 d5 2. Nf3 Nf6 3. c4 e6 4. cxd5 exd5 5. Nc3 Be7 6. Bg5 c6 7. Qc2 h6 8. Bh4
O-O 9. e3 Nbd7 10. Bd3 Re8 11. O-O Ne4 12. Bxe7 Qxe7 13. Rab1 Ndf6 14. b4 Bf5
15. Ne2 Bh7 16. b5 Rec8 17. Rbc1 c5 18. dxc5 Rxc5 19. Qb2 Qd6 20. Rxc5 Nxc5 21.
Bxh7+ Kxh7 22. Rd1 Qb6 23. Nf4 Rd8 24. Nd4 Ne6 25. Qc2+ Kg8 26. Nfe2 Nxd4 27.
Nxd4 a6 28. Rb1 Ra8 29. a4 axb5 30. Rxb5 Qd6 31. Rxb7 Qa3 32. g3 Qa1+ 33. Kg2
g6 34. Qc7 Rf8 35. Ne6 Qa3 36. Nxf8 Qxf8 37. Rb8 1-0

[Event "Druzynowe Mistrzostwa Polski Juniorow 2019 - II Liga"]
[Site "Szczyrk"]
[Date "1899-12-30"]
[Round "2.21"]
[White "Bochenek, Ryszard"]
[Black "Czarniecki, Pawel"]
[Result "1/2-1/2"]
[WhiteTitle "II"]
[BlackTitle "II"]
[WhiteElo "1362"]
[BlackElo "1508"]

1. d4 d5 2. Nf3 Nf6 3. g3 Bg4 4. Bg2 c6 5. c4 e6 6. O-O Nbd7 7. b3 Bd6 8. Bb2 O-O
9. Nbd2 Qe7 10. Re1 Rfe8 11. e4 dxe4 12. Nxe4 Nxe4 13. Rxe4 Nf6 14. Re1 Rad8 15.
h3 Bh5 16. a3 Qc7 17. b4 a6 18. Qb3 b5 19. c5 Be7 20. Ne5 Nd5 21. g4 Bg6 22. Bc1
Bf6 23. Bxd5 Bxe5 24. Rxe5 Rxd5 25. Rxd5 exd5 26. Be3 h5 27. Qd1 Qd7 28. gxh5
Bf5 29. h6 Bxh3 30. Qh5 Qg4+ 31. Qxg4 Bxg4 32. hxg7 Kxg7 33. a4 bxa4 34. Rxa4
Be2 35. Ra2 Bc4 36. Ra3 Kg6 37. Kg2 Kf5 38. Kf3 Rg8 39. Ra1 Bd3 40. Bd2 Rg4 41.
Ke3 Bc4 42. f3 Rg2 43. Re1 Rh2 44. f4 f6 45. Bc1 Rh3+ 46. Kf2 Rd3 47. Be3 Rb3
48. Bd2 Rb2 49. Ke3 Rb3+ 50. Kf2 Rb2 51. Ke3 Rb3+ 52. Kf2 Rb2 53. Ke3 1/2-1/2

[Event "Druzynowe Mistrzostwa Polski Juniorow 2019 - II Liga"]
[Site "Szczyrk"]
[Date "1899-12-30"]
[Round "2.22"]
[White "Pieczulis, Blazej"]
[Black "Szuber, Dawid"]
[Result "1/2-1/2"]
[WhiteTitle "I"]
[BlackTitle "II"]
[WhiteElo "1480"]
[BlackElo "1340"]

1. d4 Nf6 2. c4 e6 3. Nc3 Bb4 4. Qc2 c5 5. dxc5 Nc6 6. Nf3 O-O 7. Bg5 h6 8. Bh4
Bxc5 9. e3 a6 10. Bd3 Nb4 11. Qd1 Nxd3+ 12. Qxd3 Be7 13. O-O Nh7 14. Bxe7 Qxe7
15. Rfd1 Nf6 16. e4 Rd8 17. e5 Ne8 18. Ne4 b6 19. Nd6 Nxd6 20. Qxd6 Qxd6 21. Rxd6
b5 22. cxb5 axb5 23. Nd4 Kf8 24. Nxb5 Ra5 25. a4 Bb7 26. b4 Raa8 27. a5 Bc6 28.
Nd4 Rdb8 29. Nxc6 dxc6 30. Rxc6 Rxb4 31. Rc5 g6 32. g3 Ra7 33. Kg2 Ke7 34. Ra2
Rb3 35. Kf1 Rb4 36. Ke1 Rb3 37. Ke2 Kd7 38. f4 h5 39. a6 h4 40. Kf2 h3 41. g4
Ke7 42. Rca5 Kd7 43. R5a3 Rb4 44. Ra4 Rb3 45. R2a3 Rb5 46. Rxh3 Rb2+ 47. Kg3 Rb6
48. Kh4 Rbxa6 49. Rxa6 Rxa6 50. Kg5 Ke7 51. Rh7 Ra5 52. h3 Rb5 53. h4 Rb4 54.
Rh8 Rb1 55. Ra8 Rb4 56. Ra3 Rc4 57. Rf3 Rc5 58. Rb3 Rc4 59. Rf3 Rc5 60. h5 gxh5
61. Kxh5 Ra5 62. Re3 f6 63. Kg6 fxe5 64. Rxe5 Ra4 65. Kg5 Kf7 66. Re3 Ra5+ 67.
Re5 Ra1 68. Rb5 Ra7 69. f5 exf5 70. Rxf5+ Kg7 71. Rc5 Rb7 72. Kh5 Ra7 73. Kg5
1/2-1/2

[Event "Druzynowe Mistrzostwa Polski Juniorow 2019 - II Liga"]
[Site "Szczyrk"]
[Date "1899-12-30"]
[Round "2.23"]
[White "Wasala, Wiktoria"]
[Black "Choinska, Debora"]
[Result "1-0"]
[WhiteTitle "I"]
[BlackTitle "I++"]
[WhiteElo "1515"]
[BlackElo "1737"]

1. e4 e5 2. Nc3 Nf6 3. Nf3 Bb4 4. Nd5 Nxd5 5. exd5 O-O 6. Be2 d6 7. O-O e4 8. Nd4
Qg5 9. d3 Qxd5 10. c3 Bc5 11. dxe4 Qxe4 12. Bf3 Qh4 13. Re1 Nd7 14. g3 Qf6 15.
Be4 Ne5 16. Qh5 h6 17. h3 Nc6 18. Nf3 Ne5 19. Bf4 Nxf3+ 20. Bxf3 g5 21. Be3 Bxe3
22. Rxe3 c6 23. Rae1 d5 24. Bg4 Bxg4 25. Qxg4 Qg6 26. Re7 Rab8 27. h4 f5 28. Qd4
Qf6 29. Qxf6 Rxf6 30. Rc7 Rf7 31. Ree7 Rxe7 32. Rxe7 gxh4 33. gxh4 a6 34. Kg2
Kf8 35. Rh7 Kg8 36. Rxh6 Kg7 37. Re6 Kf7 38. Rd6 Rg8+ 39. Kf3 Ke7 40. Rh6 Rg7
41. h5 a5 42. Rh8 Kf6 43. h6 Rf7 44. Kf4 Kg6 45. h7 Kg7 46. Ra8 Kxh7 47. Rxa5
Kg6 48. Ra8 Kf6 49. Re8 Kg6 50. Rg8+ Kf6 51. Rg5 Ke6 52. b4 b5 53. Rg6+ Rf6 54.
Kg5 Rxg6+ 55. Kxg6 Ke5 56. Kg5 Ke6 57. f4 Kd6 58. Kxf5 c5 59. bxc5+ Kxc5 60. Ke5
Kc4 61. f5 b4 62. cxb4 d4 63. f6 d3 64. f7 d2 65. f8=Q d1=Q 66. Qc5+ Kd3 67. Qd4+
Kc2 68. Qxd1+ Kxd1 69. b5 1-0

[Event "Druzynowe Mistrzostwa Polski Juniorow 2019 - II Liga"]
[Site "Szczyrk"]
[Date "1899-12-30"]
[Round "2.25"]
[White "Gorkiewicz, Mateusz"]
[Black "Luczak, Filip"]
[Result "1/2-1/2"]
[WhiteTitle "I"]
[BlackTitle "CM"]
[WhiteElo "1985"]
[BlackElo "2144"]

1. e4 c5 2. Nf3 Nc6 3. d4 cxd4 4. Nxd4 e5 5. Nb5 d6 6. N1c3 a6 7. Na3 Be7 8. Nd5
Nf6 9. Nxe7 Nxe7 10. Bd3 Be6 11. O-O O-O 12. Qe2 Ng6 13. c3 Qc7 14. f4 Nxf4 15.
Bxf4 exf4 16. Rxf4 Nd7 17. Nc2 Ne5 18. Nd4 Qe7 19. Rff1 Rac8 20. Rfe1 Qg5 21.
Nf3 Qh5 22. Nxe5 Qxe2 23. Rxe2 dxe5 24. Kf2 Rfd8 25. Ke3 Rc6 26. Bc2 Rb6 27. Rd1
Rxd1 28. Bxd1 Kf8 29. Rd2 Ke7 30. a3 Rd6 31. Rxd6 Kxd6 32. b4 b6 33. Be2 a5 34.
Bd3 g6 35. g3 Kc6 36. Be2 axb4 37. axb4 b5 38. Bd3 f6 1/2-1/2

[Event "Druzynowe Mistrzostwa Polski Juniorow 2019 - II Liga"]
[Site "Szczyrk"]
[Date "1899-12-30"]
[Round "2.26"]
[White "Majewski, Krzysztof"]
[Black "Lambrecht, Tomasz"]
[Result "1-0"]
[WhiteTitle "I"]
[BlackTitle "II+"]
[WhiteElo "1719"]
[BlackElo "1601"]

1. Nf3 c5 2. c4 g6 3. g3 Bg7 4. Bg2 Nc6 5. Nc3 e5 6. d3 d6 7. e4 Nge7 8. O-O O-O
9. Ne1 f5 10. f4 Rb8 11. Rb1 a6 12. Nd5 Nxd5 13. cxd5 Nd4 14. Nc2 Nxc2 15. Qxc2
b5 16. Be3 a5 17. Qd2 b4 18. fxe5 Bxe5 19. d4 cxd4 20. Bxd4 Ba6 21. Rf2 Qf6 22.
Be3 Qe7 23. exf5 Rxf5 24. Rxf5 gxf5 25. Re1 Re8 26. Kh1 Qf7 27. Bb6 a4 28. a3
bxa3 29. bxa3 Bc4 30. Rc1 Bb3 31. Rf1 Qh5 32. Qd3 Rf8 33. Bd4 Bxd4 34. Qxd4 f4
35. gxf4 Rf5 36. Rc1 Rf8 37. Rf1 Rf5 38. Rc1 Rf8 39. Rg1 Kf7 40. Qa7+ Kf6 41.
Qd7 Re8 42. Qxd6+ Kf7 43. f5 Re2 44. Qc7+ Kf6 45. Qd6+ Kf7 46. Qc7+ Kf6 47. Qg3
Rc2 48. d6 Qh6 49. d7 Ke7 50. Qd3 Qd2 51. d8=Q+ 1-0

[Event "Druzynowe Mistrzostwa Polski Juniorow 2019 - II Liga"]
[Site "Szczyrk"]
[Date "1899-12-30"]
[Round "2.27"]
[White "Kolodziejski, Piotr"]
[Black "Grzesik, Gracjan"]
[Result "0-1"]
[WhiteTitle "I"]
[BlackTitle "I++"]
[WhiteElo "1666"]
[BlackElo "1974"]

1. e4 c5 2. Nc3 d6 3. d4 cxd4 4. Qxd4 a6 5. b3 Nc6 6. Qd2 g6 7. Bb2 Bg7 8. f4 Nf6
9. Nf3 Nxe4 10. Nxe4 Bxb2 11. Rb1 Bg7 12. Bc4 O-O 13. Nfg5 Bf5 14. Nxf7 Rxf7 15.
Ng5 e6 16. Nxf7 Kxf7 17. O-O Qb6+ 18. Kh1 Qd4 19. Qe2 Qe4 20. Qd2 d5 21. Bd3 Qd4
22. Rbd1 Bxd3 23. Qxd3 Qxd3 24. cxd3 Bc3 25. Rc1 d4 26. a3 Bb2 27. Rce1 Bxa3 28.
Rf3 Bb4 29. Re2 b5 30. Rh3 Rh8 31. g4 h5 32. Rf2 Kf6 33. Kg2 Ne7 34. gxh5 gxh5
35. Rc2 Bc3 36. Ra2 a5 37. Re2 Ng6 38. Re4 h4 39. Rf3 a4 40. bxa4 bxa4 41. Rf2
a3 42. Rfe2 Re8 43. f5 Kxf5 44. Rf2+ Kg5 45. h3 Bb2 46. Rg4+ Kh5 47. Rf7 Re7 48.
Rf6 Rg7 49. Rfxg6 Rxg6 0-1

[Event "Druzynowe Mistrzostwa Polski Juniorow 2019 - II Liga"]
[Site "Szczyrk"]
[Date "1899-12-30"]
[Round "2.28"]
[White "Bochniak, Franciszek"]
[Black "Musin, Pawel"]
[Result "1/2-1/2"]
[WhiteTitle "II+"]
[BlackTitle "II"]
[WhiteElo "1194"]
[BlackElo "1181"]

1. e4 e5 2. Nf3 Nc6 3. Bc4 Bc5 4. c3 Nf6 5. d3 O-O 6. O-O d6 7. Bg5 h6 8. Bh4 a6
9. Nbd2 Ba7 10. h3 Na5 11. Qc2 Nxc4 12. Nxc4 Be6 13. Ncd2 c5 14. Rfd1 Qe7 15.
Nf1 Bb6 16. d4 cxd4 17. cxd4 exd4 18. Nxd4 Rac8 19. Bxf6 Qxf6 20. Qd2 Kh8 21.
Nf3 Rfd8 22. N1h2 Qg6 23. Qf4 Rc2 24. Rd2 Rxd2 25. Nxd2 d5 26. Nhf3 dxe4 27. Nxe4
Bd5 28. Ne5 Qxe4 29. Qxe4 Bxe4 30. Nxf7+ Kh7 31. Nxd8 Bxd8 32. Rd1 Bf6 33. b3
Kg6 34. f3 Bc6 35. Kf2 Kf5 36. g3 Ke5 37. Ke3 Ke6 38. h4 Be7 39. Rc1 g5 40. hxg5
hxg5 41. Rc4 Kd5 42. Re4 Kd6 43. Rd4+ Ke5 44. Rc4 Bd5 45. Rc2 b6 46. Rh2 Bc5+
47. Ke2 Bf7 48. Rh6 a5 49. Kd3 Kf5 50. Rh2 g4 51. f4 Bg1 52. Re2 Kf6 53. Ke4 1/2-1/2

[Event "Druzynowe Mistrzostwa Polski Juniorow 2019 - II Liga"]
[Site "Szczyrk"]
[Date "1899-12-30"]
[Round "2.30"]
[White "Grzesik, Nikola"]
[Black "Krzyston, Katarzyna"]
[Result "1/2-1/2"]
[WhiteTitle "I"]
[BlackTitle "II"]
[WhiteElo "1338"]
[BlackElo "1000"]

1. e4 e5 2. Nf3 Nc6 3. d4 exd4 4. Nxd4 Nf6 5. Nc3 Bb4 6. Nxc6 bxc6 7. Bd3 d5 8.
exd5 cxd5 9. O-O O-O 10. a3 Be7 11. Bf4 c6 12. Re1 Be6 13. Qd2 Bd6 14. h3 Bxf4
15. Qxf4 h6 16. Na4 Qb8 17. Qd4 Qd6 18. Ba6 Qc7 19. Nc5 Bc8 20. Bd3 Rb8 21. Re5
Qb6 22. b4 Nd7 23. Re7 Nxc5 24. bxc5 Qa5 25. Qe3 Be6 26. Re1 Rfe8 27. Rxe8+ Rxe8
28. Ra1 Bd7 29. Qd4 Re1+ 30. Rxe1 Qxe1+ 31. Kh2 Qa5 32. Qe5 Qd8 33. Qd6 Qc8 34.
c4 Be6 35. cxd5 Bxd5 36. Qe5 g6 1/2-1/2

[Event "Druzynowe Mistrzostwa Polski Juniorow 2019 - II Liga"]
[Site "Szczyrk"]
[Date "1899-12-30"]
[Round "2.31"]
[White "Sanz, Wawer Daniel"]
[Black "Mazurek, Bartosz"]
[Result "1/2-1/2"]
[WhiteTitle "k"]
[BlackTitle "I"]
[WhiteElo "2154"]
[BlackElo "1857"]

1. e4 d5 2. exd5 Qxd5 3. Nc3 Qd6 4. Nf3 Nf6 5. Bc4 Bg4 6. h3 Bh5 7. g4 Bg6 8. d3
c6 9. Be3 Nbd7 10. Qd2 e6 11. O-O-O Qc7 12. Rhe1 Nb6 13. Bb3 O-O-O 14. Ne5 Bd6
15. f4 Nfd7 16. Nxd7 Rxd7 17. Qf2 h5 18. Ne4 hxg4 19. hxg4 Bxe4 20. dxe4 g6 21.
a4 Be7 22. g5 Rxd1+ 23. Rxd1 Rd8 24. Rxd8+ Qxd8 25. Bc5 Kc7 26. Bd4 Kb8 27. Bc3
Nd7 28. Bd4 Qa5 29. Qd2 Qxd2+ 30. Kxd2 b6 31. Ke2 Kc7 32. Kf3 Nc5 33. Bxc5 Bxc5
34. Bc4 1/2-1/2

[Event "Druzynowe Mistrzostwa Polski Juniorow 2019 - II Liga"]
[Site "Szczyrk"]
[Date "1899-12-30"]
[Round "2.32"]
[White "Kebel, Bartosz"]
[Black "Golecki, Jan"]
[Result "0-1"]
[WhiteTitle "II"]
[BlackTitle "I++"]
[WhiteElo "1463"]
[BlackElo "1947"]

1. d4 Nf6 2. c4 e6 3. Nf3 b6 4. g3 Bb7 5. Bg2 c5 6. O-O Be7 7. e3 O-O 8. b3 d6
9. Bb2 Nbd7 10. Nc3 Ne4 11. Rc1 f5 12. Ne2 Ndf6 13. Nf4 Qd7 14. d5 exd5 15. cxd5
Rfe8 16. h4 Ng4 17. Nh2 Bf6 18. Bxf6 Ngxf6 19. Qd3 Qf7 20. Rfd1 h6 21. Qc4 Kh8
22. Ne6 Bxd5 23. Rxd5 b5 24. Qd3 Qxe6 25. Rd1 Nxd5 26. Qxd5 Rad8 27. Qd3 c4 28.
bxc4 Qxc4 29. a3 Qxd3 30. Rxd3 Rc8 31. Bxe4 fxe4 32. Rxd6 Rc1+ 33. Kg2 Ra1 34.
Ra6 b4 35. Rxa7 Rb8 36. Nf1 b3 37. Nd2 b2 38. Rc7 Rd1 39. Rd7 Rxd2 40. Rxd2 b1=Q
41. Rd5 Qa2 42. Rf5 Qxa3 43. Rf4 Qd3 44. Rf5 Rb1 45. Kh3 Qe2 46. g4 Rg1 47. Rf4
Qf1+ 48. Kh2 Rg2+ 49. Kh3 Qh1# 0-1

[Event "Druzynowe Mistrzostwa Polski Juniorow 2019 - II Liga"]
[Site "Szczyrk"]
[Date "1899-12-30"]
[Round "2.33"]
[White "Kazmierowski, Tymon"]
[Black "Sleczka, Krzysztof"]
[Result "1-0"]
[WhiteTitle "II"]
[BlackTitle "II"]
[WhiteElo "1537"]
[BlackElo "1191"]

1. d4 d5 2. c4 e6 3. Nc3 Nf6 4. cxd5 exd5 5. Bg5 c6 6. e3 Bf5 7. Bd3 Bg6 8. Nf3
Nbd7 9. O-O Bd6 10. Rb1 Qc7 11. h3 Bh5 12. e4 dxe4 13. Nxe4 Nxe4 14. Bxe4 h6 15.
Bd2 g5 16. Re1 O-O 17. Qc2 Nf6 18. Rbc1 Nxe4 19. Qxe4 Bg6 20. Qe2 Qb6 21. Bc3
Rae8 22. Ne5 Bf5 23. Qf3 Bc8 24. Qh5 Kh7 25. Nxf7 Rxe1+ 26. Rxe1 Qc7 27. Qxh6+
Kg8 28. Qg6# 1-0